000 00624nam a2200217Ia 4500
005 20250508164152.0
008 008 250505s9999 xx 000 0 eng d
020 _a0-7619-6937-3
037 _aReference
040 _aFEDL
_beng
_cFEDL
041 _aeng
_2eng
084 _a370, PAE
_qFEDL
100 _aPaechter Carrie (et al) Ed.
_9777578
245 0 _aKnowledge, power and learning
260 _aLondon, UK
_bPaul Chapman Publishing
_c2001
300 _axi,186p
365 _aGBP
_b17.99
650 _aEducation - Knowledge; Learning
_9777579
942 _cREF
_h370, PAE
999 _c1387424
_d1387424